Normal view MARC view

Entry Personal Name

Number of records used in: 1

001 - CONTROL NUMBER

  • control field: 775314

003 - CONTROL NUMBER IDENTIFIER

  • control field: OSt

005 - DATE AND TIME OF LATEST TRANSACTION

  • control field: 20250508163433.0

008 - FIXED-LENGTH DATA ELEMENTS

  • fixed length control field: 250508|| aca||aabn | a|a d

040 ## - CATALOGING SOURCE

  • Original cataloging agency: OSt
  • Transcribing agency: OSt

100 ## - HEADING--PERSONAL NAME

  • Personal name: De Santis Vrinda Dar

670 ## - SOURCE DATA FOUND

  • Source citation: Work cat.: (OSt)1383231: De Santis Vrinda Dar, Educational disharmony : Incongruencies and tensions in the process of the education of the girl in the context of modern urban India, 1989
Copyright @ Delhi University Library System